<?xml version="1.0" encoding="UTF-8"?>
<record
    xmlns:xsi="http://www.w3.org/2001/XMLSchema-instance"
    xsi:schemaLocation="http://www.loc.gov/MARC21/slim http://www.loc.gov/standards/marcxml/schema/MARC21slim.xsd"
    xmlns="http://www.loc.gov/MARC21/slim">

  <leader>00541nam a22001817a 4500</leader>
  <datafield tag="999" ind1=" " ind2=" ">
    <subfield code="c">57794</subfield>
    <subfield code="d">57794</subfield>
  </datafield>
  <controlfield tag="005">20221107162845.0</controlfield>
  <controlfield tag="008">201207r2003    enk||||| |||| 00| 0 eng d</controlfield>
  <datafield tag="020" ind1=" " ind2=" ">
    <subfield code="a">9780141010649  X</subfield>
  </datafield>
  <datafield tag="041" ind1=" " ind2=" ">
    <subfield code="a">eng</subfield>
  </datafield>
  <datafield tag="080" ind1=" " ind2=" ">
    <subfield code="a">61 P-85</subfield>
  </datafield>
  <datafield tag="100" ind1=" " ind2=" ">
    <subfield code="a">Porter, Roy </subfield>
    <subfield code="9">9853</subfield>
  </datafield>
  <datafield tag="245" ind1=" " ind2=" ">
    <subfield code="a">Blood and Guts :</subfield>
    <subfield code="b">A Short History of Medicine /</subfield>
    <subfield code="c">Roy Porter</subfield>
  </datafield>
  <datafield tag="264" ind1=" " ind2=" ">
    <subfield code="a">London :</subfield>
    <subfield code="b">Penguin Books Ltd, </subfield>
    <subfield code="c">2003.</subfield>
  </datafield>
  <datafield tag="300" ind1=" " ind2=" ">
    <subfield code="a"> 224 p.</subfield>
    <subfield code="b">20 cm.</subfield>
  </datafield>
  <datafield tag="653" ind1=" " ind2=" ">
    <subfield code="a">&#x10DB;&#x10D4;&#x10D3;&#x10D8;&#x10EA;&#x10D8;&#x10DC;&#x10D0;</subfield>
  </datafield>
  <datafield tag="653" ind1=" " ind2=" ">
    <subfield code="a">&#x10E1;&#x10D8;&#x10E1;&#x10EE;&#x10DA;&#x10D8;&#x10E1; &#x10DB;&#x10D8;&#x10DB;&#x10DD;&#x10E5;&#x10EA;&#x10D4;&#x10D5;&#x10D0;</subfield>
  </datafield>
  <datafield tag="942" ind1=" " ind2=" ">
    <subfield code="2">udc</subfield>
    <subfield code="c">BK</subfield>
  </datafield>
  <datafield tag="952" ind1=" " ind2=" ">
    <subfield code="0">0</subfield>
    <subfield code="1">0</subfield>
    <subfield code="2">udc</subfield>
    <subfield code="4">0</subfield>
    <subfield code="6">61_P85</subfield>
    <subfield code="7">0</subfield>
    <subfield code="9">89680</subfield>
    <subfield code="a">CPL</subfield>
    <subfield code="b">CPL</subfield>
    <subfield code="c">GEN</subfield>
    <subfield code="d">2020-12-07</subfield>
    <subfield code="g">38.46</subfield>
    <subfield code="o">61 P-85</subfield>
    <subfield code="p">61143</subfield>
    <subfield code="r">2020-12-07</subfield>
    <subfield code="t">61143</subfield>
    <subfield code="w">2020-12-07</subfield>
    <subfield code="y">BK</subfield>
    <subfield code="z">38 &#x10DA;. 46 &#x10D7;.</subfield>
  </datafield>
</record>
